MARC

LEADER 00000nam0a2200000 4500
001 257477
005 20231031215907.0
035 |a (RuTPU)RU\TPU\book\280280 
090 |a 257477 
100 |a 20140416d1985 k y0rusy50 ca 
101 0 |a rus 
102 |a AM 
105 |a a z 001zy 
200 1 |a Резонансное взаимодействие электромагнитного излучения с веществом  |e сборник научных трудов  |f Ереванский государственный университет, Научно-исследовательский институт физики конденсированных сред ; под ред. В. М. Арутюняна 
210 |a Ереван  |c Изд-во Ереванского ун-та  |d 1985 
215 |a 187 с.  |c ил. 
320 |a Библиография в конце статей 
606 1 |a Нелинейная оптика  |2 stltpush  |3 (RuTPU)RU\TPU\subj\45329 
610 1 |a электромагнитное излучение 
610 1 |a электромагнитное взаимодействие 
610 1 |a резонансное взаимодействие 
610 1 |a свет 
610 1 |a поляризация 
610 1 |a квантовая теория 
610 1 |a рассеяние 
610 1 |a многофотонные процессы 
675 |a 535.21  |v 3 
702 1 |a Арутюнян  |b В. М.  |4 340 
712 0 2 |a Ереванский государственный университет  |b Научно-исследовательский институт физики конденсированных сред  |2 stltpush  |3 (RuTPU)RU\TPU\col\11856 
801 1 |a RU  |b 63413507  |c 20140416 
801 2 |a RU  |b 63413507  |c 20140915  |g RCR 
942 |c BK